Gruppe Kreis (Запис номер 497828)
[ съкратено ]
| 000 -Лидер | |
|---|---|
| Контролно поле с фиксирана дължина | 00957ncm a2200301 c 4500 |
| 003 - Код на организацията, давaща контролен номер | |
| Контролно поле | BLK |
| 005 - Дата и час на последна редакция | |
| Контролно поле | 20231109085501.0 |
| 008 - Елементи от данни с фиксирана дължина | |
| fixed length control field | 180414b bul |a|er|||| |0| c|bulo| |
| 040 ## - Източник на каталожния запис | |
| Идентификатор на билиотеката - собственик на записа | BLK |
| 041 ## - Код за език | |
| Код за езика на текст/звукозапис или на отделно заглавие | Немски |
| Код за езика КДБФ | Немски |
| 080 ## - УДК | |
| Текстов определител УДК | Други видове песни. - Естрада, джаз. Стари градски. Рок-и попмузика. Чалга(поп-фолк) |
| УДК код - определител по УДК | 784.7 |
| УДК - код + определител | 784.7 |
| 139 ## - Редно поле | |
| Авторски знак | Gru - G 90 |
| 245 10 - Сведения за заглавието | |
| Заглавие | Gruppe Kreis |
| Подзаглавни данни | für Gesang, Klavier, Akkordeon |
| Редно поле (дума) | musik von Arnold Fritzsch |
| 260 ## - Област на издателските данни | |
| Име на издателя, разпространителя и проч. | Lied der Zeit |
| Година на издаване | 1978 |
| 9 (RLIN) | 213334 |
| Място на издаване, разпространение и проч. | Berlin |
| 300 ## - Физическа характеристика | |
| Страници | 32 с. |
| Размери/Мащаб | 30 см |
| 380 ## - Жанр | |
| Жанр | Изкуство |
| 650 #0 - Допълнително описание по предмет – тема | |
| Основно описание – тема или топоним | Вокална музика |
| 9 (RLIN) | 276897 |
| 653 ## - Ключова дума – ненормативна | |
| Ключова дума | евъргрийни |
| 700 ## - Други автори (авторска отговорност) | |
| 9 (RLIN) | 489692 |
| Лично име | Fritzsch, Arnold |
| 856 4# - Електронен адрес и достъп | |
| Електронен формат | pdf - файл |
| Път до файла /url/ | |
| 856 4# - Електронен адрес и достъп | |
| Електронен формат | pdf - файл |
| Път до файла /url/ | |
| 942 ## - АРТИКУЛИ | |
| Вид на библиотечния материал | Нотни издания |
| Скрит в OPAC | Не |
| 944 ## - СЪЗДАВАНЕ И РЕДАКЦИЯ на ЗАПИСА | |
| Дата на регистрацията/редакция | Нора Радева |
| Служител, извършил регистрацията/редакцията | 30545 |
| Статус, дата на статуса | Нора Радева |
| Създаване/Редакция | |
| 999 ## - СИСТЕМНИ КОНТРОЛНИ НОМЕРА | |
| Koha biblionumber | 497828 |
| Koha biblioitemnumber | 497828 |
| 999 ## - СИСТЕМНИ КОНТРОЛНИ НОМЕРА | |
| Koha biblioitemnumber | 497827 |
| 999 ## - СИСТЕМНИ КОНТРОЛНИ НОМЕРА | |
| Koha biblioitemnumber | 497825 |
| 999 ## - СИСТЕМНИ КОНТРОЛНИ НОМЕРА | |
| Koha biblioitemnumber | 497825 |
| 999 ## - СИСТЕМНИ КОНТРОЛНИ НОМЕРА | |
| Koha biblioitemnumber | 308760 |
| Код за отписване | Код за изгубен артикул | Източник на класификационната схема | Код за повреда | Код за отдаване | Артикулен № | Име на библиотеката - собственик | Име на библиотеката, в която се намира в момента | Статус (Текущо местоположение) | Дата на вписване в системата | Местоположение - отдел | Цена в лева | Инвентарен номер | Систематично азбучна сигнатура | Баркод | Цена в евро | Служебен тип на артикула |
|---|---|---|---|---|---|---|---|---|---|---|---|---|---|---|---|---|
| Не е изгубен | Universal Decimal Classification | Не е повреден | заемане за дома | 936716 | Регионална библиотека "Любен Каравелов" Русе | Регионална библиотека "Любен Каравелов" Русе | Отдел Изкуство - подръчен фонд | 2023-11-14 | Отдел Изкуство - подръчен фонд | 3.00 | 120000895782 | 784/G 90 | 120000895782 | 1.53 | Нотни издания |